000 00263nam a22001217a 4500
020 _a978-93-82116-48-6
082 _a894.812.3
_bGEO/S
245 _aSALABHANGALUDE NIRTHAM
260 _aTHRISSUR
_bH&C BOOKS
300 _a48
650 _aSTORY
_zKERALA
942 _cBK
999 _c7018
_d7018